000 00720nam a2200217 4500
010 _aB-058532
020 _a8176482617
_c4995.00(set)
035 _aB-058532
037 _aCen Lib/Ret
040 _aDPL
_bEN
082 _a920
_bENC
100 _aNagendra Kr Singh
245 _aEncyclopaedia of women biography :
_bIndia, Pakistan, Bangladesh /
_cby Nagendra Kr. Singh
260 _aNew Delhi
_bA.P.H. Publishing Corporation
_c2001
270 _bNew Delhi
300 _a3 v. (v 1. 547 ; v 2.478 ; v 3. 499p)
_c27cm(Hb)
500 _a3 v. ; v 1.A-G ; v 2. H-O ; v 3. P-Z
650 _aWomen -- India -- Biography
650 _aWomen -- Pakistan -- Biography
942 _2ddc
_cEN
_h920
_mENC
999 _c136396
_d136396